[Event "IRQ Clubs-chT"]
[Site "Baghdad"]
[Date "2017.08.16"]
[Round "4.2"]
[White "Al Saffar, Araz Basim Mohammed"]
[Black "Nameer, Noor Al Deen"]
[Result "1-0"]
[WhiteElo "2355"]
[BlackElo "2152"]
[PlyCount "121"]
[EventDate "2017.08.16"]
[EventType "team-swiss"]
[EventRounds "7"]
[EventCountry "IRQ"]
[SourceTitle "CBM 180 Extra"]
[Source "ChessBase"]
[SourceDate "2017.10.06"]
[SourceVersion "1"]
[SourceVersionDate "2017.10.06"]
[SourceQuality "1"]
[WhiteTeam "Etisalat"]
[BlackTeam "Peshmarga"]
[WhiteTeamCountry "IRQ"]
[BlackTeamCountry "IRQ"]

1. d4 Nf6 2. c4 g6 3. Nf3 Bg7 4. g3 0-0 5. Bg2 d5 6. 0-0 Nc6 7. Ne5 Nxe5 8. dxe5 Ng4 9. e6 Bxe6 10. cxd5 Bd7 11. Qb3 Rb8 12. Rd1 Qe8 13. Nc3 b5 14. Qb4 Qd8 15. Bf4 Re8 16. Rac1 Ne5 17. b3 f5 18. Qa5 a6 19. Nb1 Rc8 20. Rc5 Bf6 21. h4 h6 22. Bxh6 c6 23. Qd2 Qb6 24. Be3 Ng4 25. Rxc6 Qb8 26. Rxc8 Rxc8 27. Bd4 Bxd4 28. Qxd4 Rc2 29. Bf3 Rxa2 30. Nc3 Rb2 31. Ne4 Qe5 32. Bxg4 Qxd4 33. Rxd4 fxg4 34. Nc5 Bc8 35. e4 Kf7 36. e5 Rc2 37. b4 a5 38. d6 exd6 39. exd6 a4 40. d7 Bxd7 41. Rxd7+ Kf6 42. Rd3 Rb2 43. Na6 Rb3 44. Rxb3 axb3 45. Nc5 b2 46. Ne4+ Ke5 47. Nd2 Kd4 48. Kf1 Kc3 49. Ke2 Kxb4 50. f3 gxf3+ 51. Kxf3 Kc3 52. Ke3 b4 53. g4 b3 54. h5 gxh5 55. gxh5 Kc2 56. h6 b1Q 57. Nxb1 Kxb1 58. h7 b2 59. h8Q Kc2 60. Qc8+ Kb3 61. Qb7+ 1-0

[Event "Sharjah op"]
[Site "Sharjah"]
[Date "2014.11.19"]
[Round "5"]
[White "Alkhaldi, Bader"]
[Black "Nameer, Noor Al Deen"]
[Result "0-1"]
[WhiteElo "1950"]
[BlackElo "2249"]
[PlyCount "61"]
[EventDate "2014.11.15"]
[EventType "swiss"]
[EventRounds "9"]
[EventCountry "UAE"]
[SourceTitle "CBM 163 Extra"]
[Source "ChessBase"]
[SourceDate "2014.12.23"]
[SourceVersion "1"]
[SourceVersionDate "2014.12.23"]
[SourceQuality "1"]

1. d4 Nf6 2. c4 g6 3. Nc3 Bg7 4. e4 d6 5. Nf3 0-0 6. Be2 e5 7. Be3 Nc6 8. d5 Ne7 9. Nd2 Ne8 10. 0-0 f5 11. f3 f4 12. Bf2 g5 13. c5 Ng6 14. Nc4 Rf7 15. cxd6 cxd6 16. Nb5 a6 17. Nb6 Rb8 18. Na3 Bf8 19. Rc1 h5 20. Rxc8 Rxc8 21. Nxc8 Qxc8 22. Nc4 Nf6 23. Qc1 g4 24. Nb6 Qd8 25. Re1 g3 26. hxg3 fxg3 27. Be3 Ng4 28. Kf1 Qh4 29. Bg1 Nh2+ 30. Bxh2 Qxh2 31. Qe3 0-1

[Event "Al Ain op 2nd"]
[Site "Al Ain"]
[Date "2013.12.19"]
[Round "1"]
[White "Nameer, Noor Al Deen"]
[Black "Durarbayli, Vasif"]
[Result "0-1"]
[WhiteElo "2246"]
[BlackElo "2559"]
[PlyCount "58"]
[EventDate "2013.12.19"]
[EventType "swiss"]
[EventRounds "9"]
[EventCountry "UAE"]
[SourceTitle "CBM 158 Extra"]
[Source "ChessBase"]
[SourceDate "2014.02.28"]
[SourceVersion "1"]
[SourceVersionDate "2014.02.28"]
[SourceQuality "1"]

1. Nf3 Nf6 2. c4 c5 3. g3 b6 4. Bg2 Bb7 5. 0-0 e6 6. Nc3 d6 7. d4 cxd4 8. Qxd4 Be7 9. b3 0-0 10. Bb2 a6 11. Rfd1 Qc7 12. Rac1 Nbd7 13. Qh4 Nc5 14. Nd4 Rac8 15. Bxb7 Qxb7 16. f3 Rfe8 17. Rc2 Bf8 18. e4 d5 19. cxd5 exd5 20. exd5 Nxd5 21. Nxd5 Qxd5 22. Rcd2 g6 23. Qg4 Bh6 24. f4 Ne4 25. Rd3 Bg7 26. Qf3 Qc5 27. Qg2 Rcd8 28. Kh1 Qd5 29. Rf1 Nf2+ 0-1

[Event "IRQ-ch final"]
[Site "Baghdad"]
[Date "2013.08.15"]
[Round "4"]
[White "Nameer, Noor Al Deen"]
[Black "Abdulwahhab, Ahmed Abdulsattar"]
[Result "1-0"]
[WhiteElo "2268"]
[BlackElo "2219"]
[PlyCount "71"]
[EventDate "2013.08.12"]
[EventType "tourn"]
[EventRounds "11"]
[EventCountry "IRQ"]
[SourceTitle "EXT 2018"]
[Source "ChessBase"]
[SourceDate "2017.10.13"]
[SourceVersion "1"]
[SourceVersionDate "2017.10.13"]
[SourceQuality "1"]

1. e4 c5 2. Nf3 e6 3. d3 d5 4. Nbd2 Nc6 5. g3 Nf6 6. Bg2 Be7 7. 0-0 0-0 8. Re1 b5 9. e5 Nd7 10. Nf1 a5 11. h4 b4 12. Bf4 a4 13. N1h2 a3 14. b3 Ba6 15. Rc1 Rc8 16. Bh3 c4 17. dxc4 dxc4 18. Ng5 cxb3 19. cxb3 Nc5 20. Qh5 Bd3 21. Red1 Bg6 22. Qe2 Qa5 23. h5 Bf5 24. g4 Bd3 25. Qe3 Ba6 26. Bg2 Na7 27. Be4 Nxe4 28. Rxc8 Bxc8 29. Nxe4 Rd8 30. Rxd8+ Bxd8 31. Nd6 Bb6 32. Qe4 Qd5 33. Qxb4 Qd1+ 34. Kg2 Qd5+ 35. f3 Qc5 36. Qa4 1-0

[Event "IRQ-ch final"]
[Site "Baghdad"]
[Date "2013.08.13"]
[Round "1"]
[White "Salih, Akar Ali Salih"]
[Black "Nameer, Noor Al Deen"]
[Result "1-0"]
[WhiteElo "2304"]
[BlackElo "2268"]
[PlyCount "101"]
[EventDate "2013.08.12"]
[EventType "tourn"]
[EventRounds "11"]
[EventCountry "IRQ"]
[SourceTitle "EXT 2018"]
[Source "ChessBase"]
[SourceDate "2017.10.13"]
[SourceVersion "1"]
[SourceVersionDate "2017.10.13"]
[SourceQuality "1"]

1. e4 c5 2. Nf3 d6 3. d4 cxd4 4. Nxd4 Nf6 5. Nc3 g6 6. Be3 Bg7 7. f3 0-0 8. Bc4 Nc6 9. Qd2 Bd7 10. Bb3 Na5 11. h4 Rc8 12. 0-0-0 Nc4 13. Bxc4 Rxc4 14. h5 b5 15. Kb1 b4 16. Nce2 Qc7 17. Bh6 Bxh6 18. Qxh6 e5 19. Nf5 Bxf5 20. exf5 Rxc2 21. Rc1 Rxc1+ 22. Rxc1 Qd7 23. g4 e4 24. hxg6 fxg6 25. fxe4 Nxg4 26. Qg5 Ne5 27. Nf4 Qf7 28. Ne6 Qf6 29. Qd2 Re8 30. Qd5 Kh8 31. Qb5 Rg8 32. Nd4 Ng4 33. Qxb4 Qe5 34. Nc6 Qf6 35. Qd4 gxf5 36. exf5 Ne5 37. Ka1 Rc8 38. a3 Kg7 39. Rg1+ Kf8 40. Nb4 a5 41. Nd5 Qxf5 42. Rg8+ Kf7 43. Qa7+ Ke6 44. Rxc8 Kxd5 45. Qxa5+ Ke6 46. Qd2 h5 47. Rc1 Qf3 48. Rd1 Nc4 49. Re1+ Kd7 50. Qe2 Qb3 51. Qe8+ 1-0

[Event "IRQ Oly-ch"]
[Site "Baghdad"]
[Date "2013.02.15"]
[Round "5"]
[White "Nameer, Noor Al Deen"]
[Black "Ali, Noor Hadi"]
[Result "1-0"]
[WhiteElo "2262"]
[BlackElo "1978"]
[PlyCount "64"]
[EventDate "2013.02.13"]
[EventType "team"]
[EventRounds "7"]
[EventCountry "IRQ"]
[SourceTitle "EXT 2014"]
[Source "ChessBase"]
[SourceDate "2013.11.20"]
[SourceVersion "1"]
[SourceVersionDate "2013.11.20"]
[SourceQuality "1"]

1. Nf3 d5 2. d4 Nf6 3. c4 e6 4. Nc3 c6 5. g3 Be7 6. Bg2 0-0 7. 0-0 Qc7 8. Qc2 Nbd7 9. Rd1 b6 10. Bf4 Bd6 11. Bxd6 Qxd6 12. e4 dxe4 13. Ng5 h6 14. Ngxe4 Qe7 15. Nxf6+ Nxf6 16. Bxc6 Bb7 17. Bxb7 Qxb7 18. Qe2 Rac8 19. f3 Rfe8 20. Ne4 Qe7 21. Rac1 Red8 22. a3 Rd7 23. Rd2 Rdc7 24. b4 a5 25. Nxf6+ gxf6 26. c5 Qd7 27. Rcd1 axb4 28. axb4 Rb8 29. Qe3 Kg7 30. Qf4 Rcc8 31. Qg4+ Kh7 32. Qf4 Kg7 1-0

[Event "IRQ CupT"]
[Site "Duhok"]
[Date "2012.09.21"]
[Round "2.1"]
[White "Nameer, Noor Al Deen"]
[Black "Gagunashvili, Merab"]
[Result "0-1"]
[WhiteElo "2257"]
[BlackElo "2578"]
[PlyCount "23"]
[EventDate "2012.09.20"]
[EventType "team-tourn"]
[EventRounds "7"]
[EventCountry "IRQ"]
[SourceTitle "EXT 2013"]
[Source "ChessBase"]
[SourceDate "2012.11.22"]
[SourceVersion "1"]
[SourceVersionDate "2012.11.22"]
[SourceQuality "1"]

1. Nf3 d5 2. d4 Bg4 3. c4 Nd7 4. Nc3 Bxf3 5. exf3 g6 6. Bd3 Bg7 7. Ne2 e6 8. 0-0 Ne7 9. Re1 0-0 10. Bg5 Bf6 11. Bh6 Re8 12. f4 0-1

[Event "IRQ-ch"]
[Site "Sulaymaniyah"]
[Date "2012.03.21"]
[Round "7"]
[White "Nameer, Noor Al Deen"]
[Black "Ahmed, Ali Layth Ahmed"]
[Result "0-1"]
[WhiteElo "2228"]
[BlackElo "2337"]
[PlyCount "94"]
[EventDate "2012.03.17"]
[EventType "tourn"]
[EventRounds "9"]
[EventCountry "IRQ"]
[SourceTitle "EXT 2013"]
[Source "ChessBase"]
[SourceDate "2012.11.22"]
[SourceVersion "1"]
[SourceVersionDate "2012.11.22"]
[SourceQuality "1"]

1. Nf3 Nf6 2. c4 c5 3. Nc3 d5 4. cxd5 Nxd5 5. d4 Nxc3 6. bxc3 e6 7. e4 cxd4 8. cxd4 Bb4+ 9. Bd2 Qa5 10. a3 Bxd2+ 11. Qxd2 Qxd2+ 12. Kxd2 Bd7 13. Bd3 Ke7 14. Rab1 b6 15. Ne5 Rc8 16. Rhc1 f6 17. Rxc8 Bxc8 18. Rc1 Bd7 19. Nxd7 Nxd7 20. f4 e5 21. fxe5 fxe5 22. d5 Nc5 23. Rf1 Nb3+ 24. Kc3 Nd4 25. Ba6 Rd8 26. Kd3 Rd7 27. Bc4 b5 28. Ba2 Rd6 29. Kc3 a5 30. Kd3 Rh6 31. h3 Rg6 32. g4 Rh6 33. Rh1 Rf6 34. Kc3 Rf3+ 35. Kb2 Rf2+ 36. Kb1 Nc2 37. a4 bxa4 38. Rc1 Nb4 39. Bc4 a3 40. Ka1 Rb2 41. d6+ Kd8 42. Bd3 Nxd3 43. Rc3 Rd2 44. Rxa3 Nc5 45. Kb1 a4 46. Rc3 Nxe4 47. Rc7 a3 0-1

[Event "Baghdad op 1st"]
[Site "Baghdad"]
[Date "2011.11.09"]
[Round "3"]
[White "Al Saffar, Araz Basim Mohammed"]
[Black "Nameer, Noor Al Deen"]
[Result "1/2-1/2"]
[WhiteElo "2336"]
[BlackElo "2219"]
[PlyCount "101"]
[EventDate "2011.11.08"]
[EventType "swiss"]
[EventRounds "9"]
[EventCountry "IRQ"]
[SourceTitle "CBM 145 Extra"]
[Source "ChessBase"]
[SourceDate "2012.01.03"]
[SourceVersion "1"]
[SourceVersionDate "2012.01.03"]
[SourceQuality "1"]

1. d4 Nf6 2. Nf3 g6 3. c4 Bg7 4. Nc3 0-0 5. e4 d6 6. h3 e5 7. dxe5 dxe5 8. Qxd8 Rxd8 9. Bg5 Na6 10. Nd5 Rd6 11. Bxf6 Bxf6 12. 0-0-0 Kg7 13. b4 c6 14. c5 Rxd5 15. exd5 Nxb4 16. dxc6 Nxa2+ 17. Kb2 Nb4 18. cxb7 Bxb7 19. Kb3 a5 20. Bc4 Bc6 21. Rd6 Rb8 22. Kc3 e4+ 23. Rxf6 Kxf6 24. Nd4 Rd8 25. Nxc6 Nxc6 26. Re1 Ke5 27. Bxf7 Rf8 28. Bc4 Rxf2 29. Bd3 Kd5 30. Bxe4+ Kxc5 31. Bf3 Ra2 32. Kb3 Nb4 33. Re5+ Kb6 34. Re6+ Kc5 35. Re5+ Kb6 36. Re7 Rd2 37. Rxh7 Rd6 38. Rb7+ Ka6 39. Kc4 Nd3 40. Re7 Kb6 41. Rb7+ Ka6 42. Rb1 Rd8 43. Bb7+ Ka7 44. Be4 Ne5+ 45. Kc5 g5 46. Rb7+ Ka6 47. Re7 Nd3+ 48. Kc6 a4 49. Bxd3+ Rxd3 50. Kc5 Rg3 51. Re8 1/2-1/2